|
|
|
|
| LEADER |
00000nas a2200000 a 4500 |
| 001 |
ssj0001865205 |
| 003 |
WaSeSS |
| 005 |
20200512172242.0 |
| 006 |
m d |
| 007 |
cr n |
| 008 |
840208c19219999xv ar p sg 0 b0slv c |
| 010 |
|
|
|a 53034682
|
| 016 |
7 |
|
|a 013784366
|2 DE-101
|
| 016 |
7 |
|
|a 700501-5
|2 DE-600
|
| 016 |
7 |
|
|a 011787914
|2 Uk
|
| 022 |
|
|
|l 0351-8914
|y 0351-8914
|
| 035 |
|
|
|a (WaSeSS)ssj0001865205
|
| 040 |
|
|
|a IUL
|b eng
|c IUL
|d DLC
|d NST
|d WAU
|d DLC
|d WAU
|d IUL
|d DLC
|d NLGGC
|d CRL
|d OCLCQ
|d DLC
|d OCLCQ
|d OCLCF
|d OCLCO
|d GBVCP
|d OCLCQ
|d DLC
|d OCL
|d OCLCA
|d UKMGB
|d WaSeSS
|
| 041 |
0 |
|
|a slv
|b eng
|b fre
|b ger
|f eng
|f fre
|f ger
|
| 042 |
|
|
|a pcc
|
| 043 |
|
|
|a e-yu---
|a e-xv---
|
| 050 |
0 |
0 |
|a K30
|b .B69
|
| 245 |
0 |
0 |
|a Zbornik znanstvenih razprav
|h [electronic resource] /
|c izdaja Profesorski zbor Juridične fakultete.
|
| 246 |
1 |
5 |
|a Travaux et articles
|f <v. 17->
|
| 246 |
1 |
5 |
|a Raccolta di studi scientifici
|f v. 18-19
|
| 260 |
|
|
|a V Ljubljani [Ljubljana] :
|b Samozaložba,
|c 1921-
|
| 310 |
|
|
|a Annual
|
| 362 |
0 |
|
|a 1. letnik (1920/1921)-
|
| 500 |
|
|
|a Vols. <17> have added t.p. in French; v. 18-19 in Italian.
|
| 500 |
|
|
|a At head of title: Univerza Srbov, Hrvatov in Slovencev v Ljubljani, 1920-21-1929.
|
| 500 |
|
|
|a Imprint varies.
|
| 506 |
|
|
|a License restrictions may limit access.
|
| 546 |
|
|
|a In Slovenian; summaries in English, French, and other languages.
|
| 550 |
|
|
|a Issued by Profesorski zbor Juridične fakultete, Univerza kralja Aleksandra Prvega v Ljubljani, 1930-1940/41; by Profesorski zbor Juridične fakultete v Ljubljani, Kr. univerza v Ljubljani, 1941/42-1942/43; by Pravna fakulteta, Univerza v Ljubljani, 1943/44-<1970>; by Pravna fakulteta, Univerza Edvarda Kardelja v Ljubljani, <1982->; by Pravna fakulteta, Univerza v Ljubljani <1995->
|
| 588 |
|
|
|a Latest issue consulted: 55. letnik (1995).
|
| 650 |
|
0 |
|a Law
|v Periodicals.
|
| 650 |
|
0 |
|a Law
|z Slovenia
|v Periodicals.
|
| 650 |
|
0 |
|a Law
|z Yugoslavia
|v Periodicals.
|
| 650 |
|
7 |
|a Law.
|2 fast
|0 (OCoLC)fst00993678
|
| 650 |
1 |
7 |
|a Recht.
|2 gtt
|
| 650 |
|
7 |
|a Recht
|2 gnd
|0 (DE-601)106189719
|
| 650 |
|
7 |
|a Slowenien
|0 (DE-601)091389496
|0 (DE-STW)18226-5
|2 stw
|
| 650 |
|
7 |
|a Rechtswissenschaft
|0 (DE-601)091385717
|0 (DE-STW)15976-5
|2 stw
|
| 651 |
|
7 |
|a Slovenia.
|2 fast
|0 (OCoLC)fst01212712
|
| 651 |
|
7 |
|a Yugoslavia.
|2 fast
|0 (OCoLC)fst01279262
|
| 655 |
|
0 |
|a Electronic journals.
|
| 710 |
2 |
|
|a Univerza Srbov, Hrvatov in Slovencev v Ljubljani.
|b Juridična fakulteta.
|b Profesorski zbor.
|
| 710 |
2 |
|
|a Univerza kralja Aleksandra Prvega v Ljubljani.
|b Juridična fakulteta.
|b Profesorski zbor.
|
| 710 |
2 |
|
|a Kr. univerza v Ljubljani.
|b Juridična fakulteta v Ljubljani.
|b Profesorski zbor.
|
| 710 |
2 |
|
|a Univerza v Ljubljani.
|b Pravna fakulteta.
|
| 710 |
2 |
|
|a Univerza Edvarda Kardelja v Ljubljani.
|b Pravna fakulteta.
|
| 850 |
|
|
|a CaOTU
|a DLC
|a InU
|a WaU
|
| 856 |
4 |
0 |
|z Full text available from Research Library: 10/01/2015 to present
|u https://search.proquest.com/publication/2044482
|